• 首页
  • 本馆介绍
  • 公告通知
  • 最新文献
  • 馆藏检索
  • 电子资源
  • 读者导购
  • 参考咨询
  • 我的图书馆
  • 登录
  • 详细信息显示
  • 放入我的书架
  • 预约/预借图书
  • 作者相关作品
  • 分类相关作品
  • 丛书相关作品
  • 出版社相关作品

书目信息

  • 表格格式
  • 工作单格式
  • 卡片格式
题名:
战术巧运用
    
 
作者: 马冰 主编
分册:  
出版信息: 北京   北京体育大学出版社  2002
页数: 180页
开本: 20cm
丛书名: 小球星丛书
单 册:
中图分类: G843.19
科图分类:
主题词: 球类运动 , 足球运动--竞赛战术
电子资源:
ISBN: 7-81051-673-6
000 00643nam0 2200229 45
001 0311070002
005 20031219104121.1
010    @a7-81051-673-6@dCNY11.00
100    @a20031107d2002 km y0chiy0120 ea
101 0  @achi
105    @aa z 000yy
200 1  @a战术巧运用@AZhan Shu Qiao Yun Yong@f马冰主编@FMa Bing Zhu Bian
210    @a北京@c北京体育大学出版社@d2002
215    @a180页@c插图@d20cm
225    @a小球星丛书
410    @12001 @a小球星丛书
606 0  @a球类运动
606 0  @a足球运动@x竞赛战术
690    @aG843.19@v4
701  0 @a马冰@4主编
801    @aCN@bTSTC@c20031107
905    @a213230@b327722-726@dG843.19@e130@f5
    
    战术巧运用/马冰主编.-北京:北京体育大学出版社,2002
    180页:插图;20cm.-(小球星丛书)
    
    
    ISBN 7-81051-673-6:CNY11.00
    
●
相关链接 在E读中查询图书 在五车中查询图书 在当当中查询图书 在豆瓣中查询图书


正题名:战术巧运用     索取号:G843.19/130         预约/预借

序号 登录号 条形码 馆藏地/架位号 状态 备注
1 0327722   203277220   第四借阅区/ [索取号:G843.19/130] 在馆    
2 0327723   203277239   第四借阅区/ [索取号:G843.19/130] 在馆    
3 0327724   203277248   第四借阅区/ [索取号:G843.19/130] 在馆    
4 0327725   203277257   第四借阅区/ [索取号:G843.19/130] 在馆    
5 0327726   203277266   第一样本阅览室/ [索取号:G843.19/130] 在馆    
唐山师范学院图书馆 欢迎您!
大连网信软件有限公司© 版权所有